00378 2200145 4500001002100000005001500021035002000036245007900056100001700135300001100152260003500163082000800198084001400206990001200220INLIS00000000000191220250520110526 a0010-05250002041 aDear Rasul :bKumpulan Surat Cinta Terhadap Rosululloh /cHA. Fulex Bisyri0 aFulex Bisyri a80 hlm aJakarta :bQultum Media,c2005 a200 a200 FUL d a0713431